[Event "NRW Class1 1617"]
[Site "Germany"]
[Date "2017.03.05"]
[Round "7"]
[White "Gramb, Marius"]
[Black "Dinescu, Adrian"]
[Result "1/2-1/2"]
[WhiteElo "2141"]
[BlackElo "2169"]
[PlyCount "132"]
[EventDate "2016.09.25"]
[EventType "team-tourn"]
[EventRounds "9"]
[EventCountry "GER"]
[SourceTitle "EXT 2023"]
[Source "ChessBase"]
[SourceDate "2022.10.05"]
[SourceVersion "1"]
[SourceVersionDate "2022.10.05"]
[SourceQuality "1"]
[WhiteTeam "Bruehl"]
[BlackTeam "Ratingen"]
[WhiteTeamCountry "GER"]
[BlackTeamCountry "GER"]

1. d4 e6 2. c4 d5 3. Nf3 c5 4. cxd5 exd5 5. g3 Nc6 6. Bg2 Nf6 7. 0-0 Be7 8. Nc3 0-0 9. dxc5 Bxc5 10. Bg5 d4 11. Bxf6 Qxf6 12. Ne4 Qe7 13. Nxc5 Qxc5 14. Rc1 Qb6 15. Qd2 Bg4 16. b3 h6 17. Rfd1 Rad8 18. Qf4 Bh5 19. Rd2 Rfe8 20. g4 g5 21. Qg3 Bg6 22. Rcd1 Qb5 23. Bf1 Qc5 24. Qc7 Re7 25. Qg3 Re4 26. e3 f5 27. gxf5 Bxf5 28. h3 g4 29. Nxd4 Nxd4 30. Rxd4 Rexd4 31. Rxd4 Rxd4 32. exd4 Qxd4 33. Qb8+ Kg7 34. Qxb7+ Kf6 35. hxg4 Bxg4 36. Qc6+ Kg5 37. Qc1+ Kh5 38. Qe3 Qg7 39. Kh2 Qa1 40. Bd3 Qf6 41. f4 Kh4 42. Qf2+ Kh5 43. Kg2 Qc3 44. Qe3 Qf6 45. Qxa7 Qxf4 46. Qc5+ Kh4 47. Qf2+ Kg5 48. Qxf4+ Kxf4 49. a4 Ke3 50. Kg3 Bc8 51. Bc4 Kd4 52. Kf4 Kc5 53. Be2 Kb4 54. Bd1 Kc3 55. Kg3 Ba6 56. Kh4 Kd2 57. Bf3 Kc3 58. Bd1 Kd2 59. Bg4 Kc3 60. Be6 Be2 61. Bf7 Kb4 62. Kg3 Bf1 63. Kf2 Bh3 64. Ke3 Bd7 65. Kf4 Bxa4 66. bxa4 Kxa4 1/2-1/2

[Event "NRW Class2 1516"]
[Site "Germany"]
[Date "2016.01.10"]
[Round "5.3"]
[White "Dinescu, Adrian"]
[Black "Plass, Heinz"]
[Result "1/2-1/2"]
[WhiteElo "2136"]
[BlackElo "2043"]
[PlyCount "93"]
[EventDate "2015.09.27"]
[EventType "team-tourn"]
[EventRounds "9"]
[EventCountry "GER"]
[SourceTitle "EXT 2017"]
[Source "ChessBase"]
[SourceDate "2016.10.25"]
[SourceVersion "1"]
[SourceVersionDate "2016.10.25"]
[SourceQuality "1"]
[WhiteTeam "Ratingen"]
[BlackTeam "Sundern"]
[WhiteTeamCountry "GER"]
[BlackTeamCountry "GER"]

1. e4 c5 2. Nf3 d6 3. d4 cxd4 4. Nxd4 Nf6 5. Nc3 a6 6. Be2 e5 7. Nb3 Be7 8. 0-0 0-0 9. Be3 Be6 10. a4 Nbd7 11. a5 Nc5 12. Bf3 Nxb3 13. cxb3 Rc8 14. Na4 Nd7 15. b4 Bc4 16. Re1 d5 17. Nb6 Bxb4 18. Nxc8 Bxe1 19. Qxe1 Qxc8 20. exd5 Qb8 21. Qb4 Bb5 22. Rc1 b6 23. axb6 Nxb6 24. d6 Rc8 25. Rd1 Rd8 26. Qc5 Nc4 27. Qc7 Qc8 28. Bg5 f6 29. Bd5+ Kh8 30. Qxc8 Rxc8 31. Bxc4 Bxc4 32. Be3 Be6 33. h3 Rd8 34. Bb6 Rd7 35. Bc7 Bc4 36. f4 exf4 37. Rd4 Bb5 38. Rxf4 Kg8 39. Kf2 Kf7 40. Ke3 Ke6 41. Kd4 Rf7 42. Kc5 Kd7 43. g3 f5 44. h4 g6 45. Kd5 Rf6 46. g4 Bc6+ 47. Kc5 1/2-1/2

[Event "ROM-chT"]
[Site "Romania"]
[Date "1994.??.??"]
[Round "?"]
[White "Brodsky, Michail"]
[Black "Dinescu, Adrian"]
[Result "1-0"]
[WhiteElo "2500"]
[BlackElo "2200"]
[PlyCount "109"]
[EventDate "1994.??.??"]
[EventType "team"]
[EventRounds "10"]
[EventCountry "ROU"]
[SourceTitle "EXT 1997"]
[Source "ChessBase"]
[SourceDate "1996.11.15"]
[SourceVersion "1"]
[SourceVersionDate "1996.11.15"]
[SourceQuality "1"]

1. e4 e6 2. d4 d5 3. Nd2 c5 4. exd5 exd5 5. Bb5+ Bd7 6. Qe2+ Be7 7. dxc5 Nf6 8. Nb3 0-0 9. Be3 Re8 10. Nf3 a6 11. Bd3 Ba4 12. Nfd4 Nbd7 13. 0-0-0 Bxb3 14. Nxb3 Nxc5 15. Qf3 Nxd3+ 16. Rxd3 Qc7 17. Kb1 Rac8 18. Qd1 a5 19. Nd4 a4 20. a3 b5 21. c3 Qa5 22. Nc2 Rc4 23. f3 h6 24. Bd4 Rec8 25. Re1 Bf8 26. Ne3 R4c6 27. Bxf6 Rxf6 28. Nxd5 Rg6 29. g3 Qa7 30. Nf4 Rgc6 31. Rd8 Rxd8 32. Qxd8 Rd6 33. Qc8 b4 34. cxb4 Qd4 35. Qc2 g5 36. Nh5 Qd5 37. Re3 Qb5 38. Qe2 Qd7 39. Ka2 Qf5 40. g4 Qc8 41. Rc3 Qb7 42. Rd3 Re6 43. Qc2 Qa6 44. Rd8 Re2 45. Qc8 Qxc8 46. Rxc8 Rxh2 47. b5 Re2 48. b6 Re7 49. Rb8 f5 50. b7 Rf7 51. gxf5 Kh7 52. Rd8 Bd6 53. Nf6+ Rxf6 54. Rxd6 Rf8 55. Rd7+ 1-0

[Event "ROM-chT"]
[Site "Romania"]
[Date "1994.??.??"]
[Round "?"]
[White "Dinescu, Adrian"]
[Black "Barbu, Nicolai"]
[Result "1/2-1/2"]
[WhiteElo "2200"]
[BlackElo "2350"]
[PlyCount "54"]
[EventDate "1994.??.??"]
[EventType "team"]
[EventRounds "10"]
[EventCountry "ROU"]
[SourceTitle "EXT 1997"]
[Source "ChessBase"]
[SourceDate "1996.11.15"]
[SourceVersion "1"]
[SourceVersionDate "1996.11.15"]
[SourceQuality "1"]

1. e4 c5 2. Nf3 Nc6 3. Bb5 d6 4. 0-0 Bg4 5. h3 Bxf3 6. Qxf3 a6 7. Bxc6+ bxc6 8. b3 e5 9. d3 g6 10. Qe2 Bg7 11. Bb2 Nh6 12. f4 f6 13. fxe5 fxe5 14. Nd2 Ra7 15. Nc4 Rf7 16. Rxf7 Nxf7 17. Qg4 Qd7 18. Qe2 0-0 19. Rf1 Bh6 20. Bc1 Bxc1 21. Rxc1 Ng5 22. Rf1 Rxf1+ 23. Qxf1 Kg7 24. Qc1 Ne6 25. Qb2 Qe7 26. Qc1 Nf4 27. Qd2 Qg5 1/2-1/2

[Event "ROM-chT"]
[Site "Romania"]
[Date "1994.??.??"]
[Round "?"]
[White "Dinescu, Adrian"]
[Black "Nicula, Marius"]
[Result "1/2-1/2"]
[WhiteElo "2200"]
[BlackElo "2305"]
[PlyCount "33"]
[EventDate "1994.??.??"]
[EventType "team"]
[EventRounds "10"]
[EventCountry "ROU"]
[SourceTitle "EXT 1997"]
[Source "ChessBase"]
[SourceDate "1996.11.15"]
[SourceVersion "1"]
[SourceVersionDate "1996.11.15"]
[SourceQuality "1"]

1. e4 e6 2. d4 d5 3. Nc3 Nf6 4. Bg5 Be7 5. e5 Nfd7 6. h4 a6 7. Qg4 f5 8. exf6 Nxf6 9. Bxf6 Bxf6 10. Bd3 0-0 11. Nf3 e5 12. Bxh7+ Kxh7 13. Qh5+ Kg8 14. dxe5 Qe8 15. Qxe8 Rxe8 16. 0-0-0 Bd8 17. Nxd5 1/2-1/2

[Event "ROM-chT"]
[Site "Romania"]
[Date "1993.??.??"]
[Round "5"]
[White "Abibula, Aytechin"]
[Black "Dinescu, Adrian"]
[Result "1/2-1/2"]
[WhiteElo "2280"]
[BlackElo "2225"]
[PlyCount "106"]
[EventDate "1993.??.??"]
[EventType "team"]
[EventRounds "9"]
[EventCountry "ROU"]
[SourceTitle "EXT 1998"]
[Source "ChessBase"]
[SourceDate "1997.11.17"]
[SourceVersion "1"]
[SourceVersionDate "1997.11.17"]
[SourceQuality "1"]

1. d4 Nf6 2. c4 g6 3. Nf3 Bg7 4. g3 d6 5. Bg2 0-0 6. 0-0 Nbd7 7. Nc3 e5 8. e4 c6 9. h3 Qa5 10. Re1 exd4 11. Nxd4 Ne5 12. Bf1 Re8 13. Nb3 Qc7 14. f4 Ned7 15. Kh2 Nf8 16. Qd3 Be6 17. Be3 Rad8 18. Rad1 Bc8 19. Bg2 b6 20. Nd4 Bb7 21. b4 Ne6 22. Nb3 Ba6 23. f5 Nf8 24. Bf4 Nh5 25. Ne2 Nxf4 26. Nxf4 b5 27. cxb5 Bxb5 28. Qc2 Ba4 29. f6 Bh6 30. Nd5 Qb7 31. Ne7+ Rxe7 32. fxe7 Qxe7 33. Qc4 Nd7 34. Qa6 Bxb3 35. axb3 Ne5 36. b5 cxb5 37. Qxb5 Rc8 38. Re2 Qg5 39. Qb4 Qh5 40. Rde1 Bf8 41. Qd4 Rb8 42. b4 Rc8 43. Qxa7 Rc3 44. b5 Rb3 45. Qa4 Rxb5 46. Rc2 Rb8 47. Qa2 Qg5 48. Rf2 Rb7 49. Bf1 Rb4 50. Qa3 Rb6 51. Qc3 Rc6 52. Qb3 Rc7 53. Kg2 h5 1/2-1/2

[Event "Odorheiu Secuiesc op"]
[Site "Odorheiu Secuiesc"]
[Date "1993.??.??"]
[Round "6"]
[White "Csomos, Roland"]
[Black "Dinescu, Adrian"]
[Result "1-0"]
[WhiteElo "2345"]
[BlackElo "2225"]
[PlyCount "103"]
[EventDate "1993.05.??"]
[EventType "swiss"]
[EventRounds "11"]
[EventCountry "ROU"]
[SourceTitle "TD"]
[Source "ChessBase"]
[SourceDate "1994.03.01"]
[SourceVersion "1"]
[SourceVersionDate "1994.03.01"]
[SourceQuality "1"]

1. d4 Nf6 2. c4 g6 3. Nc3 Bg7 4. g3 d6 5. Nf3 0-0 6. Bg2 c6 7. 0-0 Re8 8. e4 Bg4 9. h3 Bxf3 10. Bxf3 Nfd7 11. Be3 Na6 12. a3 e5 13. d5 c5 14. Bg2 Nc7 15. Rc1 a6 16. b4 b6 17. bxc5 bxc5 18. Rb1 Rb8 19. Qc2 Qe7 20. Na4 Na8 21. Bd2 Nab6 22. Ba5 Nxa4 23. Qxa4 Rec8 24. h4 Nf6 25. Rfe1 Rb7 26. Rb3 Bf8 27. Reb1 Rcb8 28. Rb6 Rxb6 29. Rxb6 Qd8 30. Qc6 Rxb6 31. Bxb6 Qb8 32. a4 Be7 33. a5 h5 34. f3 Qf8 35. Qb7 Qe8 36. Qxa6 Qa4 37. Qc8+ Kg7 38. a6 Qd1+ 39. Kh2 Ng4+ 40. fxg4 Bxh4 41. gxh5 Bxg3+ 42. Kxg3 f5 43. h6+ Kh7 44. Bxc5 dxc5 45. Qc7+ Kxh6 46. Qxe5 Qe1+ 47. Kh3 g5 48. Qh8+ Kg6 49. exf5+ Kxf5 50. Qf8+ Kg6 51. Qg8+ Kh6 52. Qe6+ 1-0